| 000 | 00787na a2200289 4500 | ||
|---|---|---|---|
| 001 | 16022 | ||
| 003 | MIRAKIL | ||
| 005 | 20181213154957.0 | ||
| 008 | 161013b tu 000 0 | ||
| 020 | _a9786055304003 | ||
| 035 | _a16022 | ||
| 040 |
_aMilas _btur _cTR-AnCHP |
||
| 041 | _atur | ||
| 082 |
_a811.41 _bE67s 2012 |
||
| 090 | _a811.41 E67s 2012 | ||
| 100 |
_aErsoy, Mehmet Akif _d1873-1936 |
||
| 240 | _aSafahat | ||
| 245 |
_aGençler için Safahat _c[Mehmet Akif Ersoy] ; [hazırlayan] Fatih Bayhan |
||
| 260 |
_aİstanbul _bParadoks _c2012 |
||
| 300 |
_a310 s. _c17 sm. |
||
| 504 | _aKaynakça var. | ||
| 600 |
_aErsoy, Mehmet Akif _cİstiklal şairi _d1873-1936 |
||
| 650 | _aSafahat | ||
| 650 | _aTürkçe şiir | ||
| 700 | _aBayhan, Fatih | ||
| 942 |
_2ddc _cBKS |
||
| 999 |
_c4215 _d4215 |
||